000 00580nam a2200181 i 4500
001 72069
003 ES-MaACL
005 20230906171320.0
007 t|
008 040825s1983 sp ||||1| spa d
100 1 _aGil Peláez, Lorenzo.
_9127307
245 1 0 _aMatemática de las operaciones financieras /
_cL. Gil Pelèz, María A. Gil Luezas.
250 _a[1ª ed.].
260 _a[Madrid] :
_bUniversidad Nacional de Educación a Distancia,
_c[1983]
300 _a2v. ;
_c24 cm.
700 1 _aGonzález Catalá, Vicente T.
_958508
852 _aES-MaACL
_jL-7214-5
_bR.108114
999 _c72069
_d72069